Normal view
MARC view
Entry Personal Name
001 - CONTROL NUMBER
- control field: 1234975
003 - CONTROL NUMBER IDENTIFIER
- control field: OSt
005 - DATE AND TIME OF LATEST TRANSACTION
- control field: 20260416143708.0
008 - FIXED-LENGTH DATA ELEMENTS
- fixed length control field: 260416|| aca||aabn | a|a d
040 ## - CATALOGING SOURCE
- Original cataloging agency: OSt
- Transcribing agency: OSt
100 ## - HEADING--PERSONAL NAME
- Personal name: Eltis David
670 ## - SOURCE DATA FOUND
- Source citation: Work cat.: (OSt)566256: 280933, Routes to slavery: direction ethnicity and mortality in the Atlantic slave trade, 1997
